Дело о выкупе земельных наделов временнообязанными крестьянами наследников П.П., П.Г., Е.Г., А.Г. Де-Фонтене села Богуслова с се...

Доступно только в Электронных читальных залах Найти на картеНа карте
RUSMARC
00004106nmc2a2200000 x 450
0018fbd467f-883c-47a6-961c-6ad063140176
00520160812124735.0
100##$a20140403l18841885k l0rusy0189 ca
1010#$arus
102##$aRU
2001#$aДело о выкупе земельных наделов временнообязанными крестьянами наследников П.П., П.Г., Е.Г., А.Г. Де-Фонтене села Богуслова с сельцами Черемисиновым и Новосельным Орловского уезда Орловской губернии
$j22 мая 1884 г. - 1 мая 1885 г.
251##$cДело
300##$aДело
300##$aОриг. заголовок дела: Дело наследников Де-Фонтене П.П., П.Г., Е.Г., А.Г. Орловской губернии Орловского уезда села Богуслова с сельцами Черемисиновым и Новосельным. 22 мая 1884 г. - 1 мая 1885 г
801#0$aRU
$bРГИА
$c20140403
$gRCR
801#1$aRU
$bГлавНИВЦ
$c20140403
$2rusmarc
801#2$aRU
$bПБ им. Б.Н. Ельцина
$c20160812
$gRCR
$2rusmarc
850##$aРГИА
852##$aРГИА
$eФедеральное казенное учреждение "Российский государственный исторический архив" (РГИА)
$j2589
937##$hРГИА
$d11081636
$aASBIBLIO_SCAN
462#0$10012327ab3a-0548-404e-b4cb-e37355ac5039
$12001
$a1863-1889 гг.
$1251
$cОпись
$1852
$j26
461#0$10018ef30ad5-ff5c-4840-a721-74c62a200f95
$12001
$aГлавное выкупное учреждение Министерства финансов
$1251
$cФонд
$1852
$j577
215##$a42 л.
$d36,5х26 см
371##$aДокумент не является опубликованным и широко распространяемым
105##$ay###
1222#$ad
5171#$aДело наследников Де-Фонтене П.П., П.Г., Е.Г., А.Г. Орловской губернии Орловского уезда села Богуслова с сельцами Черемисиновым и Новосельным. 22 мая 1884 г. - 1 мая 1885 г.
035##$a8fbd467f-883c-47a6-961c-6ad063140176
Формат отображения